लोड हो रहा है...
Credit in agriculture
| मुख्य लेखक: | |
|---|---|
| अन्य लेखक: | |
| स्वरूप: | Printed Book |
| भाषा: | Undetermined English |
| प्रकाशित: |
New Delhi
B R Publishing Corporation
1987
|
| विषय: |
| LEADER | 00623nam a2200205Ia 4500 | ||
|---|---|---|---|
| 008 | 140306s9999 xx 000 0 und d | ||
| 020 | |a 8170184452 | ||
| 041 | |a eng | ||
| 082 | |a 332.71 |b PRA/CR | ||
| 100 | |a Prakash mehta | ||
| 245 | |a Credit in agriculture | ||
| 260 | |a New Delhi |b B R Publishing Corporation |c 1987 | ||
| 300 | |a 73 | ||
| 365 | |b Rs.75 | ||
| 650 | |a Agriculture economics | ||
| 650 | |a Public finance | ||
| 700 | |a Raghbir, Singh prasher | ||
| 942 | |2 ddc |c BK | ||
| 999 | |c 182251 |d 182251 | ||
| 952 | |0 0 |1 0 |2 ddc |4 0 |6 332_710000000000000_PRA_CR |7 0 |9 187936 |a KAUCBV |b KAUCBV |g 75.00 |o 332.71 PRA/CR |r 2014-03-22 |w 2014-03-22 |y BK | ||